000 00296nam a22001337a 4500
008 171228b xxu||||| |||| 00| 0 eng d
020 _a9781428342064
041 _aeng
080 _a004
100 _a30
101 _aSHKI
245 _aADOBE PHOTOSHOP CS2 BASICS
_cBARKSDALE
942 _2udc
_cBK
999 _c39553
_d39553